Biggest cities in The US Midwest - with map - Statistics

General Stats
  • This quiz has been taken 1,469 times
  • The average score is 24 of 30
Answers on the Map
Answers color-coded by a green-red scale on the quiz's map according to % correct below.
 
Answer Stats
Population State Answer % Correct
2,705,994 IL Chicago
98%
672,662 MI Detroit
97%
867,125 IN Indianapolis
96%
491,918 MO Kansas City
96%
152,958 KA Kansas City
96%
425,403 MN Minneapolis
96%
892,533 OH Columbus
95%
383,793 OH Cleveland
94%
592,025 WI Milwaukee
94%
302,838 MO St. Louis
94%
302,605 OH Cincinnati
93%
307,695 MN St. Paul
92%
258,054 WI Madison
90%
216,853 IO Des Moines
89%
468,262 NE Omaha
89%
287,401 NE Lincoln
86%
274,975 OH Toledo
80%
389,255 KA Wichita
80%
181,883 SD Sioux Falls
78%
200,217 MI Grand Rapids
74%
198,006 OH Akron
72%
168,122 MO Springfield
72%
140,640 OH Dayton
68%
267,633 IN Fort Wayne
67%
146,526 IL Rockford
53%
199,602 IL Aurora
50%
148,304 IL Naperville
48%
192,536 KA Overland Park
46%
148,099 IL Joliet
45%
139,605 KA Olathe
32%
No matching quizzes found
Score Distribution
Percent of People with Each Score
Percentile by Number Answered
Your Score History
You have not taken this quiz